| 000 | 00991nam a2200241 a 4500 | ||
|---|---|---|---|
| 008 | 120416s1992 ||||||||||||||||| || u | ||
| 020 | _a0122223551 | ||
| 050 | _aHF 5686.C8 Dru | ||
| 100 | _aDrury, Colin | ||
| 245 | 1 | 0 | _aStandard costing |
| 260 |
_aLondon: _bPublished in association with the Chartered Institute of Management Accountants [by] Academic Press _c1992 |
||
| 260 |
_aLondon: _bAcademic Press _c1992 |
||
| 300 | _ax, 198p. : ill | ||
| 350 | _a0.00 | ||
| 490 | _aAdvanced management and accounting series | ||
| 500 | _aIncludes bibliographical references (p. 191-194) and index. | ||
| 650 | _aSTANDARD COSTING | ||
| 650 | _aCOST ACCOUNTING--STANDARDS | ||
| 650 | 0 | _aMANAGERIAL ACCOUNTING | |
| 650 | 0 | _aACCOUNTING--HANDBOOKS, MANUALS, ETC | |
| 710 | _aChartered Institute of Management Accountants (CIMA) | ||
| 995 |
_D0.00 _FCBU-MAIN LIBRARY (Kitwe) _H1 _I0.00 _M1 _UAVAILABLE _ZMain Library Open Access Collection |
||
| 999 |
_c58159 _d58159 |
||